Pokémon - Attacken von Ampharos in KA/PU - Statistiken

Allgemein
  • Dieses Quiz wurde 5 mal gespielt
  • Das Durchschnittsergebnis liegt bei 25 aus 64
Antwortstatistiken
Antwort % Korrekt
Bodycheck
100%
Donner
100%
Donnerschlag
100%
Donnerschock
100%
Drachenpuls
100%
Elektroball
100%
Feuerschlag
100%
Juwelenkraft
100%
Tackle
100%
Bodyslam
75%
Delegator
75%
Donnerblitz
75%
Donnerwelle
75%
Heuler
75%
Ladestrahl
75%
Ladevorgang
75%
Ladungsstoß
75%
Regentanz
75%
Sonnentag
75%
Agilität
50%
Baumwollsaat
50%
Drachenrute
50%
Durchbruch
50%
Erholung
50%
Fokusstoß
50%
Konfusstrahl
50%
Schaufler
50%
Schutzschild
50%
Zauberschein
50%
Ausdauer
25%
Blitzkanone
25%
Dampfwalze
25%
Eishieb
25%
Elektrofeld
25%
Elektronetz
25%
Fassade
25%
Gigastoß
25%
Hyperstrahl
25%
Lichtschild
25%
Reflektor
25%
Risikotackle
25%
Schlafrede
25%
Voltwechsel
25%
Wegbereiter
25%
Breitseite
0%
Brüller
0%
Donnerstoß
0%
Drachenschrei
0%
Fruststampfer
0%
Fußkick
0%
Galanterie
0%
Magnetregler
0%
Meteorstrahl
0%
Mystowellen
0%
Notsituation
0%
Power-Punch
0%
Rechte Hand
0%
Schleuder
0%
Schmeichler
0%
Sternschauer
0%
Stromstoß
0%
Tera-Ausbruch
0%
Watteschild
0%
Wutanfall
0%
Keine übereinstimmenden Quizze gefunden
Verteilung der Resultate
Anzahl Personen mit jedem Resultat
Perzentil nach korrekt beantworteten Fragen
Ihre Resultats-Entwicklung
Sie haben dieses Quiz noch nicht gespielt